Holiday Quiz

Random Holiday or City Quiz
Score 0/20 Timer 05:00
0 Plays Today
% Correct
Seattle
93.1%
Washington, D.C.
93%
St. Louis
88.9%
New York
88.5%
San Francisco
87%
Las Vegas
86.2%
Chicago
85.9%
Philadelphia
70.8%
Denver
70.1%
Honolulu
56.8%
% Correct
Los Angeles
45%
Boston
43.5%
Miami
39.2%
Pittsburgh
32.7%
Atlanta
26.6%
Detroit
25.7%
New Orleans
14.3%
Cleveland
14%
Cincinnati
14%
San Antonio
12.4%
Remove Ads.
Support Sporcle.
Get the best of Sporcle when you Go Orange. This ad-free experience offers more features, more stats, and more fun while also helping to support Sporcle. Thank you for becoming a member.

You're not logged in!

Compare scores with friends on all Sporcle quizzes.
OR
Log In

Show Comments

Extras

Top Quizzes Today


Score Distribution

Your Account Isn't Verified!

In order to create a playlist on Sporcle, you need to verify the email address you used during registration. Go to your Sporcle Settings to finish the process.

Report this User

Report this user for behavior that violates our Community Guidelines.

Details: